00432 2200181 4500001002100000005001500021008004100036020001800077035001900095041000700114082001000121090001600131100001700147245002000164260002800184300001800212650002000230INLIS00000000001629220241224115110241224||||||||| | ||| |||| || |  a979-752-604-6 0010-1224016292 aid0 a612.8 a612.8 REN t0 aRenny Yuniar00aTelingaku sehat aBandungbDARMizanc2008 a33hlm;20x20cm 0aIlmu Kedokteran